Complete Poetical Works of James Thomson / (Record no. 852)
[ view plain ]
| 000 -LEADER | |
|---|---|
| fixed length control field | 00283cam a2200109ua 4500 |
| 082 ## - DEWEY DECIMAL CLASSIFICATION NUMBER | |
| Classification number | 821 |
| Item number | THO/CO |
| 100 ## - MAIN ENTRY--AUTHOR NAME | |
| Personal name | Thomson, James . |
| 245 ## - TITLE STATEMENT | |
| Title | Complete Poetical Works of James Thomson / |
| 260 ## - PUBLICATION, DISTRIBUTION, ETC. (IMPRINT) | |
| Place of publication | London : |
| Name of publisher | Oxford University Press , |
| Year of publication | 1963. |
| 300 ## - PHYSICAL DESCRIPTION | |
| Number of Pages | 516 ; . |
| 942 ## - ADDED ENTRY ELEMENTS (KOHA) | |
| Koha item type | Books |
| Withdrawn status | Lost status | Damaged status | Home library | Current library | Date acquired | Full call number | Accession Number | Koha item type |
|---|---|---|---|---|---|---|---|---|
| Withdrawn | KAUAET | Malayalam University | 07/04/2012 | 821 | 5031 | Books |
